| 000 | 00384nam a22001457a 4500 | ||
|---|---|---|---|
| 003 | OSt | ||
| 008 | 241101b |||||||| |||| 00| 0 eng d | ||
| 020 | _a9789381075890 | ||
| 082 |
_a621.47 _bYER/EN |
||
| 100 |
_aYerramilli, Anjaneyulu _96363 |
||
| 245 | _aEnergy resources utilization and technologies / | ||
| 260 |
_aHyderabad _bB S Publication _c2012 |
||
| 300 | _a547 | ||
| 942 | _cBK | ||
| 999 |
_c14191 _d14191 |
||